LEADER 03373nam 2200757Ia 450 001 9910449689303321 005 20200520144314.0 010 $a1-280-26416-0 010 $a9786610264162 010 $a0-8213-5962-2 035 $a(CKB)1000000000225137 035 $a(EBL)459495 035 $a(OCoLC)519339144 035 $a(SSID)ssj0000089134 035 $a(PQKBManifestationID)11127298 035 $a(PQKBTitleCode)TC0000089134 035 $a(PQKBWorkID)10088781 035 $a(PQKB)11169586 035 $a(MiAaPQ)EBC459495 035 $a(Au-PeEL)EBL459495 035 $a(CaPaEBR)ebr10103936 035 $a(CaONFJC)MIL26416 035 $a(OCoLC)62881690 035 $a(EXLCZ)991000000000225137 100 $a20050627d2005 uy 0 101 0 $aeng 135 $aur|n|---||||| 181 $ctxt 182 $cc 183 $acr 200 00$aReaching the poor with health, nutrition, and population services$b[electronic resource] $ewhat works, what doesn't, and why /$f[edited by] Davidson R. Gwatkin, Adam Wagstaff, Abdo Yazbeck 210 $aWashington, DC $cThe World Bank$d2005 215 $a1 online resource (380 p.) 300 $aDescription based upon print version of record. 311 $a0-8213-5961-4 320 $aIncludes bibliographical references and index. 327 $aContents; Foreword; Preface; Acknowledgments; Abbreviations, Acronyms, and Data Notes; PART 1. INTRODUCTION; FIGURES; TABLES; PART 2. AFRICA STUDIES; PART 3. ASIA STUDIES; ANNEX TABLES; PART 4. LATIN AMERICA STUDIES; ANNEX FIGURE; About the Authors; Index 330 $aThis volume presents eleven case studies that document how well or poorly health, nutrition, and population programs have reached disadvantaged groups in the countries of Africa, Asia, and Latin America where they were undertaken. The studies were commissioned by the Reaching the Poor Program, undertaken by the Word Bank in cooperation with the Bill and Melinda Gates Foundation and the Dutch and Swedish governments, in an effort to find better ways of ensuring that health, nutrition, and population programs benefit the neediest. These case studies, reinforced by other material gathered by the 606 $aHealth services accessibility$vCross-cultural studies 606 $aHealth services accessibility$zDeveloping countries 606 $aHuman services$vCross-cultural studies 606 $aHuman services$zDeveloping countries 606 $aPoor$xMedical care$vCross-cultural studies 606 $aPoor$xMedical care$zDeveloping countries 606 $aPoor$xNutrition$vCross-cultural studies 606 $aPoor$xNutrition$zDeveloping countries 608 $aElectronic books. 615 0$aHealth services accessibility 615 0$aHealth services accessibility 615 0$aHuman services 615 0$aHuman services 615 0$aPoor$xMedical care 615 0$aPoor$xMedical care 615 0$aPoor$xNutrition 615 0$aPoor$xNutrition 676 $a362.1/086/942 701 $aGwatkin$b Davidson R$0860330 701 $aWagstaff$b Adam$0140759 701 $aYazbeck$b Abdo$0860331 801 0$bMiAaPQ 801 1$bMiAaPQ 801 2$bMiAaPQ 906 $aBOOK 912 $a9910449689303321 996 $aReaching the poor with health, nutrition, and population services$91919647 997 $aUNINA LEADER 03058nam 2200613Ia 450 001 9910829820203321 005 20230828213018.0 010 $a1-119-20711-8 010 $a1-280-44913-6 010 $a9786610449132 010 $a0-470-86930-5 035 $a(CKB)1000000000356014 035 $a(EBL)257716 035 $a(OCoLC)475974381 035 $a(SSID)ssj0000177189 035 $a(PQKBManifestationID)12008065 035 $a(PQKBTitleCode)TC0000177189 035 $a(PQKBWorkID)10210990 035 $a(PQKB)11401843 035 $a(MiAaPQ)EBC257716 035 $a(EXLCZ)991000000000356014 100 $a20060213d2006 uy 0 101 0 $aeng 135 $aur|n|---||||| 181 $ctxt 182 $cc 183 $acr 200 10$aImplementing financial regulation$b[electronic resource] $etheory and practice /$fJoanna Gray and Jenny Hamilton 210 $aChichester, England ;$aHoboken, NJ $cJohn Wiley & Sons$dc2006 215 $a1 online resource (287 p.) 225 1 $aWiley finance 300 $aDescription based upon print version of record. 311 $a0-470-86929-1 320 $aIncludes bibliographical references and index. 327 $aImplementing Financial Regulation; Contents; Preface; Acknowledgements; 1 Regulation in Context; 2 Aligning Risk and Regulation: FSA's Risk-Based Operating Framework; 3 Regulation within the Regulated Firm: Legislation and Rules; 4 Senior Management Regulation: Evidence and Practice Since N2; 5 The Wider Regulatory and Legal Context for Senior Management; 6 Regulation and the Emergence of the Financial Citizen; 7 An Illustrated Critique of Meta Regulation and Concluding Comments; Index 330 $aNow that the Financial Services and Markets Act 2000 has had a chance to bed itself down and the Financial Services Authority (FSA) is developing its new regulatory toolkit and modus operandi, financial regulation has moved on in interesting directions. This book takes a critical look at the principles and practices behind this regulation, as well as the theory that is involved. This book goes further than a description of the laws that are currently out there, by analysing the impact and implications of the new financial regulations, making it a 'must-read' for law, finance an 410 0$aWiley finance series. 606 $aFinancial services industry$xLaw and legislation$zGreat Britain 606 $aFinancial services industry$xState supervision$zGreat Britain 606 $aFinancial services industry$zGreat Britain 615 0$aFinancial services industry$xLaw and legislation 615 0$aFinancial services industry$xState supervision 615 0$aFinancial services industry 676 $a346.41/082 676 $a346.4108 700 $aGray$b Joanna$cL. L .B.$0251042 701 $aHamilton$b Jenny$f1957-$01690990 801 0$bMiAaPQ 801 1$bMiAaPQ 801 2$bMiAaPQ 906 $aBOOK 912 $a9910829820203321 996 $aImplementing financial regulation$94067064 997 $aUNINA